Information system usage and satisfaction in Slovak companies

Výsledky empirického prieskumu v spoločnostiach na Slovensku. Sledovanie využitia a uspokojenia s informačnými systémami (IS) v malých, stredných a veľkých podnikoch. Analyzovanie IS predstavujúcich procesy v podniku. IS logistiky, predaja, produkcie, služieb ako hlavné podnikové procesy. IS marketi...

Descrizione completa

Salvato in:
Dettagli Bibliografici
Autore principale: Fečová, Lýdia
Altri autori: Sudzina, František
Natura: Capitolo di libro
Lingua:inglese
Soggetti:
Tags: Aggiungi Tag
Nessun Tag, puoi essere il primo ad aggiungerne!!

MARC

LEADER 00000naa$a2200000$$$4500
001 0050939
005 20240502083134.6
041 0 |a eng 
044 |a CZ 
245 1 0 |a Information system usage and satisfaction in Slovak companies  |c Lýdia Fečová, František Sudzina 
520 |a Výsledky empirického prieskumu v spoločnostiach na Slovensku. Sledovanie využitia a uspokojenia s informačnými systémami (IS) v malých, stredných a veľkých podnikoch. Analyzovanie IS predstavujúcich procesy v podniku. IS logistiky, predaja, produkcie, služieb ako hlavné podnikové procesy. IS marketingu, riadenia ľudských zdrojov, financií správy a dodávok ako podporné podnikové procesy. 
610 2 0 |a systémy informačné 
610 2 0 |a prieskum informačný 
610 2 0 |a podnik 
610 2 0 |a slovenčina 
610 2 0 |a procesy podnikové 
100 1 |a Fečová, Lýdia 
700 1 |a Sudzina, František